[Event "Fast Game"]
[Site "www.echecsemail.com"]
[Date "2017.05.05"]
[Round "1"]
[White "Hennie4820"]
[Black "Motorhead99"]
[WhiteElo "1610"]
[BlackElo "1599"]
[Result "1-0"]
[Round "1"]
1.e4 c5
2.Ng1f3 d6
3.d4 cxd4
4.Nf3xd4 Ng8f6
5.Nb1c3 g6
6.f4 Bf8g7
7.e5 dxe5
8.fxe5 Nf6d5
9.Bf1b5 Kf8
10.O-O Bg7xe5
11.Bc1h6 Kg8
12.Nc3xd5 Qd8xd5
13.Nd4f5 Qd5c5
14.Bh6e3 { resign }
1-0

[Event "Tourn. n9317"]
[Site "www.chess-mail.com"]
[Date "2017.05.06"]
[Round "1"]
[White "Pachi"]
[Black "Llcervello"]
[WhiteElo "1530"]
[BlackElo "1550"]
[Result "0-1"]
[Round "1"]
1.e4 e5
2.Ng1f3 f6
3.c3 c6
4.d4 Bf8d6
5.dxe5 Bd6xe5
6.b3 d6
7.Bc1b2 c5
8.Qd1d5 Ng8e7
9.Bf1b5 Kf8
10.Qd5c4 a6
11.Qc4a4 Bc8d7
12.Bb5xd7 Nb8xd7
13.b4 Qd8b6
14.Nf3xe5 Nd7xe5
15.Nb1d2 Ne5d3
16.Kf1 Nd3xb2
17.Qa4b3 Nb2d3
18.c4 Nd3xb4
19.h4 a5
20.h5 h6
21.a3 Ne7c6
22.axb4 cxb4
23.g4 Nc6e5
24.f3 Qb6d4
25.Ke2 b6
26.Rh1h4 Qd4xa1
27.f4 Qa1c3
28.Qb3d1 a4
29.fxe5 Qc3xe5
30.Qd1b1 b3
31.Kd3 Qe5g3
32.Kd4 Qg3xh4
33.Kd5 Ke7
34.Kc6 Qh4xg4
35.Kxb6 Qg4xh5
36.Qb1g1 Qh5a5
37.Kc6 Rh8c8
38.Kb7 Qa5c7
{ resign }
0-1

[Event "Tourn. n9359"]
[Site "www.chess-mail.com"]
[Date "2017.05.06"]
[Round "1"]
[White "Attatroll"]
[Black "Cjood"]
[WhiteElo "2030"]
[BlackElo "1980"]
[Result "1/2-1/2"]
[Round "1"]
1.e4 e6
2.d4 d5
3.Nb1c3 Bf8b4
4.exd5 exd5
5.Ng1f3 Ng8f6
6.Bc1g5 Qd8d6
7.Bg5xf6 Qd6xf6
8.Bf1e2 Bc8f5
9.O-O Bb4xc3
10.bxc3 O-O
11.Be2d3 Nb8c6
12.Bd3xf5 Qf6xf5
13.Rf1e1 Ra8e8
14.Qd1d2 Re8xe1
15.Ra1xe1 Nc6d8
16.Nf3e5 f6
17.Ne5f3 Nd8c6
18.Qd2e2 g5
19.Qe2e6 Qf5xe6
20.Re1xe6 h5
21.Nf3d2 Nc6d8
22.Re6e7 c6
23.Nd2b3 Rf8f7
{ draw }
1/2-1/2

[Event "Tourn. n9231"]
[Site "www.chess-mail.com"]
[Date "2017.05.06"]
[Round "1"]
[White "Julian"]
[Black "Falcoale"]
[WhiteElo "1930"]
[BlackElo "1940"]
[Result "0-1"]
[Round "1"]
1.e4 c5
2.Ng1f3 Ng8f6
3.e5 Nf6d5
4.d4 e6
5.c3 b6
6.c4 Nd5c7
7.Nb1c3 a6
8.d5 exd5
9.cxd5 Bc8b7
10.Bf1c4 b5
11.Bc4b3 c4
12.Bb3c2 Bf8c5
13.O-O O-O
14.Bc2xh7 Kxh7
15.Nf3g5 Kg8
16.Qd1h5 Qd8xg5
17.Bc1xg5 Nc7xd5
18.Nc3xd5 Bb7xd5
19.Ra1d1 Bd5e6
20.Kh1 Nb8c6
21.f4 Nc6d4
22.Bg5f6 Nd4f5
23.Bf6g5 Nf5e3
24.Rf1f3 Be6g4
25.Qh5h4 Bg4xf3
26.gxf3 Ne3xd1
27.Bg5e7 Bc5xe7
28.Qh4xe7 Nd1xb2
29.Qe7xd7 c3
30.Qd7d4 Ra8c8
31.Qd4b4 c2
{ resign }
0-1

[Event "Tourn. n9333"]
[Site "www.chess-mail.com"]
[Date "2017.05.06"]
[Round "1"]
[White "Madz123456"]
[Black "Hansen"]
[WhiteElo "1410"]
[BlackElo "1580"]
[Result "1-0"]
[Round "1"]
1.e4 d5
2.exd5 Qd8xd5
3.Nb1c3 Qd5d4
4.Ng1f3 Bc8g4
5.Nf3xd4 Bg4xd1
6.Nc3xd1 Ng8f6
7.Nd4b5 Nb8a6
8.b3 c6
9.Nb5d4 Ra8d8
10.Nd4xc6 bxc6
11.Bf1xa6 e5
12.Nd1e3 Nf6e4
13.f3 Ne4c5
14.Ba6c4 g6
15.Bc1b2 Bf8g7
16.f4 Nc5e4
17.fxe5 Rd8xd2
18.Bc4d3 f5
19.Bd3xe4 Rd2d7
20.Be4xc6 f4
21.Ra1d1 fxe3
22.Rd1xd7 Kf8
23.Bb2a3 Kg8
24.Bc6d5 { resign }
1-0

[Event "Tourn. n9335"]
[Site "www.chess-mail.com"]
[Date "2017.05.06"]
[Round "1"]
[White "Coolant"]
[Black "Bronstein70"]
[WhiteElo "2310"]
[BlackElo "2440"]
[Result "0-1"]
[Round "1"]
1.g4 e5
2.d3 Nb8c6
3.Bf1g2 d5
4.c4 dxc4
5.Qd1a4 cxd3
6.Bg2xc6 bxc6
7.Qa4xc6 Bc8d7
8.Qc6e4 Bf8d6
9.exd3 Ng8f6
10.Qe4e2 Bd7xg4
11.Qe2c2 O-O
12.Nb1c3 Qd8d7
13.Bc1g5 Qd7c6
{ resign }
0-1

[Event "Tourn. n9268"]
[Site "www.chess-mail.com"]
[Date "2017.05.06"]
[Round "1"]
[White "Norlavuaram"]
[Black "Bojan"]
[WhiteElo "2090"]
[BlackElo "2020"]
[Result "1-0"]
[Round "1"]
1.e4 e5
2.Ng1f3 Nb8c6
3.Bf1b5 Qd8f6
4.O-O Bf8c5
5.Nb1c3 Ng8e7
6.d3 Nc6d4
7.Nf3xd4 exd4
8.Nc3e2 c6
9.Bb5c4 d5
10.exd5 Bc8d7
11.dxc6 Bd7xc6
12.Bc1f4 Qf6g6
13.Bf4g3 Ne7f5
14.Ne2f4 Qg6d6
15.Rf1e1 Kd7
16.Bc4xf7 Nf5xg3
17.hxg3 Qd6f8
18.Bf7d5 Bc5b4
19.Bd5xc6 bxc6
20.Qd1g4 Kd6
21.Qg4e6 Kc7
22.Qe6c4 Kb7
23.Re1e6 Ra8c8
24.a3 Bb4a5
25.Qc4xd4 Ba5b6
26.Qd4e5 g5
27.Nf4h3 h6
28.Ra1e1 Rh8h7
29.Qe5e4 Rc8c7
30.d4 Rh7d7
31.c3 Qf8g7
32.Qe4g6 Qg7xg6
33.Re6xg6 Rd7h7
34.Re1e6 c5
35.dxc5 Bb6xc5
36.Rg6xh6 Rh7d7
37.Re6e2 Rd7d1
38.Kh2 g4
39.Nh3f4 Rd1f1
40.Nf4d3 Bc5b6
41.Rh6h4 Rc7d7
42.Re2d2 Rd7f7
43.Rh4xg4 Bb6d8
44.Nd3f4 Rf7h7
45.Nf4h3 Bd8b6
46.Rg4f4 Rh7e7
47.Rf4f5 Bb6c7
48.f4 Re7e1
49.g4 Rf1h1
50.Kg3 Re1e3
51.Kh4 Re3e7
52.g5 Re7h7
53.Kg4 Rh1e1
54.g6 Rh7g7
55.Kh5 Re1e6
56.Rf5g5 Bc7d6
57.f5 Re6f6
58.Nh3f2 Bd6f4
59.Kh6 Bf4xd2
60.Kxg7 Bd2xg5
61.Nf2e4 Rf6b6
62.Ne4xg5 Rb6xb2
63.f6 Rb2xg2
64.f7 Rg2f2
65.f8Q { resign }
1-0

[Event "Tourn. n9324"]
[Site "www.chess-mail.com"]
[Date "2017.05.06"]
[Round "1"]
[White "Azulmarino"]
[Black "Ll69"]
[WhiteElo "1570"]
[BlackElo "1599"]
[Result "0-1"]
[Round "1"]
1.e4 e6
2.e5 d6
3.d4 dxe5
4.Ng1f3 exd4
5.Nf3xd4 c5
6.Nd4f3 Qd8xd1
7.Kxd1 Ng8f6
8.Bf1c4 Nb8c6
9.Bc1e3 Bf8e7
10.a3 O-O
11.Nb1c3 Rf8d8
12.Nf3d2 Nf6g4
13.h3 Ng4xe3
14.fxe3 Nc6e5
15.Rh1f1 Ne5xc4
16.Ke2 Rd8xd2
17.Kf3 Bc8d7
18.Nc3e4 Bd7c6
19.Rf1d1 Ra8d8
20.Rd1xd2 Bc6xe4
21.Kxe4 Nc4xd2
22.Kf4 Be7d6
23.Kg4 f5
24.Kg5 Nd2e4
25.Kh4 Bd6e7
{ resign }
0-1

[Event "Tourn. n9366"]
[Site "www.chess-mail.com"]
[Date "2017.05.06"]
[Round "1"]
[White "Cjood"]
[Black "Bojan"]
[WhiteElo "2050"]
[BlackElo "1970"]
[Result "0-1"]
[Round "1"]
1.b3 c5
2.e4 a6
3.Ng1f3 d5
4.exd5 Qd8xd5
5.Nb1c3 Qd5c6
6.Bf1c4 f6
7.O-O Bc8g4
8.Bc4d5 Qc6d7
9.Bd5xg8 Rh8xg8
10.Nc3e4 b6
11.d3 h6
12.Rf1e1 Nb8c6
13.Bc1f4 Nc6d4
14.Ne4d2 g5
15.Bf4g3 O-O-O
16.h3 Bg4f5
17.Nf3xd4 Qd7xd4
18.Qd1f3 Qd4d5
19.Qf3xd5 Rd8xd5
20.Nd2c4 Kb7
21.Nc4e3 Bf5e6
22.Ne3xd5 Be6xd5
23.c4 Bd5f7
24.Re1e3 Bf7g6
25.Ra1d1 e5
26.Re3f3 Bf8e7
27.Rd1e1 Rg8d8
28.Re1d1 Bg6h5
29.Rd1d2 Bh5xf3
30.gxf3 Rd8d4
31.Kg2 Kc6
32.a4 Be7d6
33.Kh1 Bd6c7
34.Kg1 b5
35.axb5 axb5
36.Kf1 Kb6
37.Ke2 Ka5
38.Rd2a2 Kb4
39.Ra2a6 Rd4d6
40.Ra6a7 Bc7b6
41.Ra7h7 Kxb3
42.cxb5 Kb4
43.Rh7xh6 Rd6e6
44.Kd2 Kxb5
45.Kc3 Bb6a5
46.Kb3 Re6d6
47.Kc2 Rd6b6
48.Bg3h2 Ba5e1
49.Bh2g1 Rb6a6
50.Kb2 Kb4
51.Bg1h2 Be1c3
52.Kb1 Kb3
{ resign }
0-1

[Event "Tourn. n9306"]
[Site "www.chess-mail.com"]
[Date "2017.05.06"]
[Round "1"]
[White "Hansen"]
[Black "Cal"]
[WhiteElo "1610"]
[BlackElo "1710"]
[Result "1-0"]
[Round "1"]
1.e4 e5
2.Ng1f3 d6
3.d4 exd4
4.Qd1xd4 Ng8f6
5.e5 Qd8e7
6.Bc1g5 Nb8c6
7.Qd4f4 dxe5
8.Qf4h4 Bc8f5
9.Nb1a3 h6
10.Bg5e3 Qe7b4
11.Qh4xb4 Nc6xb4
12.Ke2 c5
13.Nf3xe5 Bf8d6
14.Ne5c4 Ra8d8
15.f3 O-O
16.g4 Bf5h7
17.c3 Bd6c7
18.Na3b5 Bh7d3
19.Kf2 Rf8e8
20.Nb5xc7 Re8e7
21.Nc7b5 Nb4c2
22.Ra1c1 b6
23.Bf1xd3 Nc2xe3
24.Nc4xe3 a6
25.Nb5a3 Rd8xd3
26.Ne3f5 Re7d7
27.Na3c4 Rd7d5
28.Nf5g3 g6
29.Nc4xb6 Rd3d2
30.Ke1 Rd5d3
31.Nb6c4 Rd2xb2
32.Nc4xb2 Rd3xf3
33.Ng3e2 Nf6xg4
34.h4 f5
35.Rc1d1 Rf3e3
36.Nb2c4 Re3e4
37.Nc4d6 Re4e3
38.h5 g5
39.Nd6xf5 Re3xc3
40.Ne2xc3 c4
41.Rd1d7 Ng4e5
42.Rd7d8 Kh7
43.Nc3e4 g4
44.Ne4f6 { resign }
1-0

[Event "Tourn. n9313"]
[Site "www.chess-mail.com"]
[Date "2017.05.06"]
[Round "1"]
[White "Robinjut"]
[Black "Ll69"]
[WhiteElo "1590"]
[BlackElo "1499"]
[Result "0-1"]
[Round "1"]
1.e4 e6
2.Ng1f3 d5
3.e5 c5
4.d3 Nb8c6
5.Bf1e2 Qd8c7
6.Bc1f4 f6
7.d4 Bc8d7
8.g3 fxe5
9.dxe5 Ng8e7
10.Be2b5 Ne7g6
11.c3 Ng6xf4
12.gxf4 h6
13.Bb5xc6 Bd7xc6
14.Qd1b3 c4
15.Qb3c2 d4
16.Nb1d2 d3
17.Qc2d1 b5
18.Nf3d4 Bc6xh1
19.Nd4xe6 Qc7c6
20.Qd1g4 Bh1d5
21.Ne6d4 Qc6b7
22.Qg4g6 Qb7f7
23.Qg6xf7 Kxf7
24.Nd4xb5 Ra8b8
25.a4 Rb8b7
26.f3 a6
27.Nb5d4 Rb7xb2
28.Nd4f5 Bf8c5
29.Ra1b1 Rb2xb1
30.Nd2xb1 Rh8b8
31.Nb1d2 Rb8b3
32.Nd2xc4 Bd5xc4
{ resign }
0-1

[Event "Tourn. n9269"]
[Site "www.chess-mail.com"]
[Date "2017.05.06"]
[Round "1"]
[White "Stepanpech"]
[Black "Comrade"]
[WhiteElo "2250"]
[BlackElo "2250"]
[Result "1-0"]
[Round "1"]
1.d4 d5
2.c4 dxc4
3.Ng1f3 e6
4.e3 Ng8f6
5.Bf1xc4 c5
6.O-O Bf8e7
7.Nb1c3 Nb8c6
8.dxc5 Qd8xd1
9.Rf1xd1 Be7xc5
10.a3 a6
11.b4 Bc5b6
12.Bc1b2 O-O
13.Ra1c1 Bb6c7
14.Nc3a4 e5
15.Na4c5 b5
16.Bc4b3 Rf8e8
17.Nc5e4 Nf6xe4
18.Bb3d5 Bc8b7
{ time. }
1-0

[Event "Tourn. n9177"]
[Site "www.chess-mail.com"]
[Date "2017.05.06"]
[Round "1"]
[White "Osopanda"]
[Black "Falcoale"]
[WhiteElo "1960"]
[BlackElo "1880"]
[Result "0-1"]
[Round "1"]
1.d4 Ng8f6
2.c4 e6
3.Nb1c3 b6
4.e4 Bc8b7
5.Bf1d3 Bf8b4
6.f3 O-O
7.Ng1e2 d5
8.e5 Nf6d7
9.O-O f5
10.exf6 Nd7xf6
11.cxd5 Nf6xd5
12.Nc3xd5 exd5
13.Bc1e3 Nb8d7
14.Ne2g3 Bb4e7
15.Ng3f5 Be7f6
16.Ra1c1 Ra8c8
17.Qd1e1 Nd7b8
18.Rf1f2 Nb8d7
19.Rf2c2 Rf8e8
20.Qe1d2 Nd7f8
21.Be3f4 Nf8e6
22.Bf4e5 Bf6xe5
23.dxe5 Re8f8
24.g4 Ne6g5
25.Kg2 c5
26.Nf5d6 Rc8c7
27.Nd6xb7 Rc7xb7
28.h4 Ng5xf3
29.Bd3xh7 Kxh7
30.Qd2d3 Kh8
31.Rc1h1 Rb7f7
32.e6 Rf7f4
33.Kg3 Qd8c7
34.Kh3 Nf3e5
35.Qd3e2 Rf4f3
36.Kg2 Ne5xg4
37.Qe2xf3 Rf8xf3
38.Kxf3 Ng4e5
39.Kf2 Ne5g6
40.h5 Qc7f4
41.Kg1 Qf4e3
42.Kf1 Ng6f4
43.h6 Qe3d3
{ resign }
0-1

[Event "Tourn. n9301"]
[Site "www.chess-mail.com"]
[Date "2017.05.06"]
[Round "1"]
[White "Roserl"]
[Black "Roohbakhsh"]
[WhiteElo "2180"]
[BlackElo "2230"]
[Result "1-0"]
[Round "1"]
1.e4 c5
2.Ng1f3 d6
3.d4 cxd4
4.Nf3xd4 Ng8f6
5.Nb1c3 a6
6.Bc1g5 e6
7.f4 Nb8d7
8.Qd1f3 Bf8e7
9.O-O-O O-O
10.g4 Qd8a5
11.Bg5xf6 Be7xf6
12.g5 Bf6e7
13.h4 e5
14.Nd4f5 Rf8e8
15.Nf5xe7 Re8xe7
16.Rd1xd6 exf4
17.Qf3xf4 g6
18.h5 Qa5e5
19.Qf4xe5 Re7xe5
20.hxg6 hxg6
21.Rh1g1 Nd7c5
22.Rd6d8 Kg7
23.Bf1h3 Nc5e6
24.Rd8e8 Re5xg5
25.Rg1xg5 Ne6xg5
26.Re8xc8 { resign }
1-0

[Event "Tourn. n9326"]
[Site "www.chess-mail.com"]
[Date "2017.05.06"]
[Round "1"]
[White "Kevinking"]
[Black "Osopanda"]
[WhiteElo "1910"]
[BlackElo "1890"]
[Result "1-0"]
[Round "1"]
1.c4 Ng8f6
2.Nb1c3 g6
3.e4 d6
4.d4 Bf8g7
5.Bf1e2 O-O
6.Ng1f3 c6
7.Bc1f4 Qd8c7
8.Qd1d2 Nb8d7
9.Bf4h6 e5
10.Bh6xg7 Kxg7
{ time. }
1-0

[Event "Match"]
[Site "www.echecsemail.com"]
[Date "2017.05.06"]
[Round "1"]
[White "Mitja"]
[Black "Ssharp"]
[WhiteElo "1990"]
[BlackElo "2270"]
[Result "0-1"]
[Round "1"]
1.d4 d5
2.e3 Ng8f6
3.h3 Bc8f5
4.c3 e6
5.Ng1e2 c5
6.dxc5 Bf8xc5
7.Ne2g3 Bf5g6
8.Nb1d2 Nb8c6
9.Nd2b3 Bc5d6
10.Bf1d3 Bd6xg3
11.fxg3 O-O
12.O-O Bg6xd3
13.Qd1xd3 Nf6e4
14.g4 Nc6e5
15.Qd3d4 Qd8c7
16.Nb3d2 Ne4g3
17.Rf1f2 Ne5g6
18.Nd2f1 Ng3e4
19.Rf2e2 Rf8d8
20.b3 e5
21.Qd4d3 Ra8c8
22.c4 Ne4f6
23.cxd5 Rd8xd5
24.Qd3b1 Rd5d1
25.Re2c2 Qc7xc2
{ resign }
0-1

[Event "Match"]
[Site "www.echecsemail.com"]
[Date "2017.05.06"]
[Round "1"]
[White "Chapi"]
[Black "Motorhead99"]
[WhiteElo "2110"]
[BlackElo "1599"]
[Result "1-0"]
[Round "1"]
1.d4 d5
2.c4 c6
3.Nb1c3 Ng8f6
4.Ng1f3 Bc8f5
5.Bc1g5 e6
6.e3 Bf8e7
7.Bf1e2 Nb8d7
8.Nf3h4 Bf5g6
9.Nh4xg6 hxg6
10.Qd1d3 dxc4
11.Qd3xc4 Nf6d5
12.Bg5xe7 Qd8xe7
13.Nc3xd5 exd5
14.Qc4b3 O-O-O
15.O-O-O Nd7b6
16.a4 Qe7h4
17.Rd1d2 Qh4xf2
18.Be2g4 { resign }
1-0

[Event "Match"]
[Site "www.echecsemail.com"]
[Date "2017.05.06"]
[Round "1"]
[White "Pwain"]
[Black "Cjood"]
[WhiteElo "2410"]
[BlackElo "1849"]
[Result "1-0"]
[Round "1"]
1.e4 e5
2.Ng1f3 Nb8c6
3.c3 Ng8f6
4.d4 exd4
5.e5 Nc6xe5
6.Nf3xe5 dxc3
7.Nb1xc3 Qd8e7
8.Qd1e2 d6
9.Ne5f3 Bc8e6
10.Bc1g5 O-O-O
11.O-O-O Be6d7
12.Nc3d5 Qe7xe2
13.Bf1xe2 Rd8e8
14.Bg5xf6 Re8xe2
15.Bf6d4 c5
16.Bd4e3 Bd7f5
17.Rd1d2 Re2xd2
18.Be3xd2 Bf5e4
19.Nd5c3 Be4xf3
20.gxf3 h5
21.Bd2f4 a6
22.Rh1d1 Kc7
23.Nc3e4 f6
24.Ne4xc5 g5
25.Nc5e6 Kc6
26.Ne6d4 Kd7
27.Bf4e3 Bf8e7
28.Kb1 Rh8c8
29.b3 h4
30.Kb2 b5
31.f4 g4
32.f5 h3
33.Nd4e6 Rc8c6
34.Rd1d4 { resign }
1-0

[Event "Match"]
[Site "www.echecsemail.com"]
[Date "2017.05.06"]
[Round "1"]
[White "Guidom"]
[Black "Winston"]
[WhiteElo "1990"]
[BlackElo "1890"]
[Result "1-0"]
[Round "1"]
1.e4 e6
2.d4 d5
3.Nb1c3 Ng8e7
4.e5 c5
5.Bf1b5 Ne7c6
6.Ng1f3 Bc8d7
7.O-O Qd8b6
8.Bb5xc6 Nb8xc6
9.Bc1e3 c4
10.Qd1c1 h6
11.Nc3e2 g5
12.h3 Bf8e7
13.c3 Qb6a5
14.Ne2g3 O-O-O
15.b4 cxb3
16.axb3 Qa5c7
17.c4 Nc6b4
18.Ra1xa7 Nb4a6
19.Ra7a8 Na6b8
20.cxd5 exd5
21.Be3d2 Bd7c6
22.b4 Kd7
23.Ng3f5 Nb8a6
24.Ra8xd8 Rh8xd8
25.Nf5xh6 f6
26.exf6 Be7xf6
27.Nh6f7 { resign }
1-0

[Event "Match"]
[Site "www.echecsemail.com"]
[Date "2017.05.06"]
[Round "1"]
[White "Guidom"]
[Black "Motorhead99"]
[WhiteElo "2040"]
[BlackElo "1599"]
[Result "1-0"]
[Round "1"]
1.e4 e5
2.Ng1f3 Nb8c6
3.Bf1b5 a6
4.Bb5a4 Ng8f6
5.O-O d6
6.d3 Bc8g4
7.Bc1e3 Bf8e7
8.Nb1d2 b5
9.Ba4b3 O-O
10.c3 Nc6a5
11.Bb3c2 c5
12.b3 Na5c6
13.h3 Bg4e6
14.d4 exd4
15.cxd4 h6
16.e5 dxe5
17.dxe5 Nf6d5
18.Qd1e2 Nc6b4
19.Bc2b1 Nd5c3
20.Qe2e1 Nc3xb1
21.Qe1xb1 Nb4d3
22.Rf1d1 Nd3xe5
23.Nf3xe5 Be7f6
24.Nd2f3 Qd8c7
25.Be3f4 Qc7b7
26.Rd1e1 Be6d5
27.Qb1d3 Ra8d8
28.Qd3c3 Bd5xf3
29.Qc3xf3 Qb7xf3
30.gxf3 { resign }
1-0

[Event "Match"]
[Site "www.echecsemail.com"]
[Date "2017.05.06"]
[Round "1"]
[White "Motorhead99"]
[Black "Karlgrocer"]
[WhiteElo "1599"]
[BlackElo "2070"]
[Result "0-1"]
[Round "1"]
1.e4 c5
2.Ng1f3 e6
3.d4 cxd4
4.Nf3xd4 d6
5.Nb1c3 Ng8f6
6.Bc1g5 Bf8e7
7.Bf1b5 Bc8d7
8.Nd4xe6 fxe6
9.Bg5xf6 Be7xf6
10.Qd1h5 g6
11.Qh5h6 Qd8e7
12.O-O Bf6g7
13.Qh6e3 O-O
{ resign }
0-1

[Event "Match"]
[Site "www.echecsemail.com"]
[Date "2017.05.06"]
[Round "1"]
[White "Chapi"]
[Black "Cjood"]
[WhiteElo "2110"]
[BlackElo "2050"]
[Result "1-0"]
[Round "1"]
1.d4 c6
2.c4 e5
3.dxe5 Qd8a5
4.Nb1c3 Qa5xe5
5.Ng1f3 Qe5c7
6.e4 Nb8a6
7.Bc1e3 Bf8b4
8.Ra1c1 Bb4xc3
9.Rc1xc3 Ng8f6
10.Nf3d2 Qc7e5
11.Qd1f3 d6
12.Qf3f4 O-O
13.Bf1e2 Bc8e6
14.O-O c5
15.a3 Ra8c8
16.Be2d3 b6
17.h3 h6
18.Qf4f3 Na6c7
19.g4 g5
20.Qf3g2 Kh8
21.f4 gxf4
22.Be3xf4 Qe5d4
23.Qg2f2 Be6xg4
24.hxg4 Nf6xg4
25.Qf2xd4 cxd4
26.Rc3c1 Rf8g8
27.Kh1 Rc8d8
28.b4 Nc7e6
29.Bd3e2 Ne6xf4
30.Rf1xf4 Ng4e3
31.Rf4xf7 Rg8g3
32.Rf7f3 Rg3g2
33.Rf3xe3 dxe3
34.Kxg2 exd2
35.Rc1d1 Rd8e8
36.Kf3 Re8e6
37.Rd1xd2 h5
38.Kf4 h4
39.Rd2d5 Re6h6
40.Rd5h5 Rh6xh5
41.Be2xh5 Kg7
42.Kf5 { resign }
1-0

[Event "Match"]
[Site "www.echecsemail.com"]
[Date "2017.05.06"]
[Round "1"]
[White "Joseph1983"]
[Black "Comrade"]
[WhiteElo "2180"]
[BlackElo "2270"]
[Result "1/2-1/2"]
[Round "1"]
1.Ng1f3 c5
2.e3 d5
3.b3 Nb8c6
4.Bc1b2 e6
5.d4 Ng8f6
6.Bf1d3 Bf8e7
7.Nb1d2 cxd4
8.exd4 O-O
9.a3 Bc8d7
10.Qd1e2 Rf8e8
11.O-O Nf6h5
12.g3 f6
13.Nf3g5 fxg5
14.Qe2xh5 g6
15.Bd3xg6 hxg6
16.Qh5xg6 Kh8
17.Nd2e4 Re8f8
18.Qg6h6 Kg8
19.Qh6g6 { draw }
1/2-1/2

[Event "Match"]
[Site "www.echecsemail.com"]
[Date "2017.05.06"]
[Round "1"]
[White "Coraza8091"]
[Black "Cal"]
[WhiteElo "1490"]
[BlackElo "1720"]
[Result "0-1"]
[Round "1"]
1.e4 c5
2.Bf1c4 e6
3.Ng1f3 h6
4.Nf3e5 Ng8f6
5.Nb1c3 d6
6.Ne5f3 Bc8d7
7.d4 cxd4
8.Nf3xd4 Nb8c6
 { time }
0-1

[Event "1/64 Finale"]
[Site "www.chess-mail.com"]
[Date "2017.05.06"]
[Round "1"]
[White "Cjood"]
[Black "Leonger"]
[WhiteElo "2100"]
[BlackElo "2440"]
[Result "0-1"]
[Round "1"]
1.e4 e5
2.Ng1f3 Nb8c6
3.Bf1c4 Bf8c5
4.c3 Ng8f6
5.d4 exd4
6.e5 d5
7.exf6 dxc4
8.Qd1e2 Bc8e6
9.fxg7 Rh8g8
10.Bc1h6 Qd8f6
11.Bh6g5 Qf6xg7
12.O-O Bc5e7
13.h4 h6
14.g3 hxg5
15.Nf3xg5 Be7xg5
16.hxg5 Qg7xg5
17.cxd4 Nc6xd4
18.Qe2e4 O-O-O
19.Nb1a3 f5
20.Qe4e5 Nd4f3
{ resign }
0-1

[Event "Tourn. n9288"]
[Site "www.chess-mail.com"]
[Date "2017.05.07"]
[Round "1"]
[White "Wegaman"]
[Black "Picifarkinca"]
[WhiteElo "1970"]
[BlackElo "1970"]
[Result "1-0"]
[Round "1"]
1.d4 Ng8f6
2.c4 e6
3.Nb1c3 Bf8b4
4.Qd1c2 d5
5.Ng1f3 Nf6e4
6.e3 Ne4xc3
7.bxc3 Bb4e7
8.Bf1e2 dxc4
9.Be2xc4 Nb8d7
10.O-O Nd7f6
11.e4 O-O
12.Rf1e1 c6
13.Bc4d3 h6
14.e5 Nf6d7
15.Bc1e3 c5
16.dxc5 Nd7xc5
17.Bd3e2 Qd8c7
18.Re1d1 Bc8d7
19.Ra1b1 Bd7a4
20.Qc2c1 Ba4xd1
21.Qc1xd1 Ra8d8
22.Qd1c2 a6
23.h3 { resign }
1-0

[Event "Tourn. n9368"]
[Site "www.chess-mail.com"]
[Date "2017.05.07"]
[Round "1"]
[White "Bojan"]
[Black "Biggles"]
[WhiteElo "2000"]
[BlackElo "2090"]
[Result "1-0"]
[Round "1"]
1.e4 e5
2.Ng1f3 Nb8c6
3.Bf1c4 Ng8f6
4.Qd1e2 Bf8e7
5.a3 O-O
6.Nb1c3 d6
7.d3 h6
8.h3 Nc6a5
9.Bc4a2 b6
10.Bc1d2 c6
11.Nf3h2 d5
12.Nh2g4 Bc8xg4
13.hxg4 Na5b7
14.g5 hxg5
15.Bd2xg5 Qd8d7
16.exd5 Qd7f5
17.Bg5xf6 Be7xf6
18.dxc6 Nb7c5
19.Nc3d5 Bf6g5
20.Rh1h5 Nc5e6
21.Nd5e7 { resign }
1-0

[Event "Tourn. n9303"]
[Site "www.chess-mail.com"]
[Date "2017.05.07"]
[Round "1"]
[White "Sorento"]
[Black "Kevinking"]
[WhiteElo "1849"]
[BlackElo "1820"]
[Result "1-0"]
[Round "1"]
1.e4 e6
2.d4 d5
3.Nb1c3 Ng8f6
4.e5 Nf6d7
5.f4 c5
6.Ng1f3 Nb8c6
7.Bc1e3 cxd4
8.Nf3xd4 Bf8e7
9.Qd1d2 Nc6xd4
10.Be3xd4 Nd7b8
11.O-O-O Bc8d7
12.g4 Qd8c7
13.Kb1 Nb8c6
14.Nc3b5 Qc7b8
15.Bd4e3 a6
16.Nb5d4 Nc6xd4
17.Be3xd4 b5
18.h4 h5
19.gxh5 Rh8xh5
20.Bf1e2 Rh5xh4
21.Rh1xh4 Be7xh4
22.Rd1h1 Bh4e7
23.Rh1h8 Be7f8
24.Qd2b4 { resign }
1-0

[Event "Tourn. n9295"]
[Site "www.chess-mail.com"]
[Date "2017.05.07"]
[Round "1"]
[White "Xkafi"]
[Black "Sozaro"]
[WhiteElo "2020"]
[BlackElo "2099"]
[Result "0-1"]
[Round "1"]
1.e4 e5
2.a3 Ng8f6
3.Qd1f3 Nb8c6
4.c3 d5
5.exd5 Bc8g4
6.Qf3g3 Qd8xd5
7.Ng1e2 O-O-O
8.d3 Bg4f5
9.Bc1g5 Qd5b3
10.Nb1d2 Qb3xb2
11.Ra1b1 Qb2c2
12.Ne2c1 Bf8xa3
13.Nc1b3 Qc2xc3
14.Bf1e2 Rd8xd3
15.Be2xd3 Bf5xd3
16.Rb1a1 Nc6d4
17.Ra1xa3 Nd4c2
18.Kd1 Nc2xa3
19.h4 Nf6e4
20.Qg3h3 Kb8
21.Qh3e3 Qc3c2
22.Ke1 Qc2c1
23.Nb3xc1 Na3c2
24.Kd1 Ne4c3

0-1

[Event "Tourn. n9345"]
[Site "www.chess-mail.com"]
[Date "2017.05.07"]
[Round "1"]
[White "Claymil"]
[Black "Bojan"]
[WhiteElo "2070"]
[BlackElo "1970"]
[Result "1-0"]
[Round "1"]
1.c4 g6
2.Nb1c3 Bf8g7
3.g3 c6
4.Bf1g2 e6
5.e3 Nb8a6
6.d4 d5
7.c5 b6
8.Qd1a4 Qd8d7
9.Bg2f1 b5
10.Nc3xb5 Na6c7
11.Nb5xc7 Qd7xc7
12.Ng1e2 Ng8e7
13.Bc1d2 O-O
14.Ne2f4 e5
15.dxe5 Bg7xe5
16.Nf4d3 Be5f6
17.Ra1b1 Ne7f5
18.Bf1g2 Nf5g7
19.b4 Bc8f5
20.Qa4b3 Ra8b8
21.O-O a5
22.a3 Ng7e6
23.Bd2c3 Bf6e7
24.Bc3e5 Qc7a7
25.Be5xb8 Qa7xb8
26.h3 Qb8b5
27.Rf1d1 h5
28.f3 Ne6c7
29.g4 hxg4
30.hxg4 Bf5e6
31.Qb3c3 axb4
32.axb4 f5
33.Nd3e5 Be7f6
34.Bg2f1 Qb5b8
35.f4 fxg4
36.Qc3c2 Be6f5
37.Bf1d3 Qb8c8
38.Ne5xg6 Bf5xd3
39.Qc2xd3 Rf8f7
40.Kg2 Rf7g7
41.Rd1h1 Kf7
42.Rh1h6 Nc7b5
43.Rb1h1 Qc8e6
44.f5 Qe6e8
45.Qd3e2 Qe8e4
46.Kg3 Bf6g5
47.Rh6h8 Kf6
48.Rh8f8 Rg7f7
49.Qe2b2 Kxf5
50.Rf8xf7 Ke6
51.Rh1h6 Qe4xe3
52.Kxg4 Qe3g1
53.Kh5 d4
54.Qb2b3 { resign }
1-0

[Event "Tourn. n9306"]
[Site "www.chess-mail.com"]
[Date "2017.05.07"]
[Round "1"]
[White "Cal"]
[Black "Azulmarino"]
[WhiteElo "1690"]
[BlackElo "1530"]
[Result "0-1"]
[Round "1"]
1.c4 d5
2.cxd5 Qd8xd5
3.d4 e5
4.Nb1c3 Bf8b4
5.e3 e4
6.Bc1d2 Bb4xc3
7.bxc3 Ng8f6
8.h3 Bc8d7
9.c4 Qd5d6
10.Bf1e2 Nb8c6
11.a3 O-O
12.f3 Qd6g3
13.Kf1 Bd7f5
14.Bd2e1 Qg3g5
15.Rh1h2 Ra8d8
16.f4 Qg5g6
17.g4 Bf5e6
18.f5 Be6xf5
19.gxf5 Qg6xf5
20.Be1f2 Nc6e5
21.c5 Nf6d5
22.dxe5 Nd5xe3
23.Ke1 Ne3xd1
24.Be2xd1 Qf5xe5
25.Ra1c1 Qe5b2
26.Bf2g3 Qb2xc1
27.Rh2e2 Qc1xd1
28.Kf2 Rd8d3
29.Re2xe4 Rd3d2
30.Ng1e2 Qd1h1
31.Ke3 Rd2xe2
32.Kxe2 Qh1xe4
{ resign }
0-1

[Event "Tourn. n9270"]
[Site "www.chess-mail.com"]
[Date "2017.05.07"]
[Round "1"]
[White "Picifarkinca"]
[Black "Coolant"]
[WhiteElo "1890"]
[BlackElo "2070"]
[Result "0-1"]
[Round "1"]
1.Ng1f3 Ng8f6
2.g3 d5
3.Bf1g2 Nb8c6
4.d4 Bc8g4
5.e3 Qd8d7
6.O-O e5
7.Nf3xe5 Nc6xe5
8.f3 Ne5xf3
9.Bg2xf3 Bg4h3
10.Rf1e1 O-O-O
11.Nb1d2 Bf8d6
12.c3 h5
13.e4 dxe4
14.Nd2xe4 Nf6xe4
15.Bf3xe4 h4
16.Qd1f3 c6
17.Bc1f4 hxg3
18.Bf4xg3 Bh3g4
19.Qf3f2 f5
20.Bg3xd6 fxe4
21.Re1xe4 Bg4f5
22.Re4e7 Qd7xd6
23.Qf2xf5 Rd8d7
24.Qf5xd7 Qd6xd7
25.Re7xd7 Kxd7
26.Ra1f1 Ke6
27.Kg2 a5
28.Rf1e1 Kd6
29.Re1e5 b5
30.Kg3 a4
31.h4 a3
32.b3 Rh8f8
33.Re5g5 Rf8f1
34.Rg5xg7 Rf1a1
35.Rg7a7 Ra1xa2
36.h5 Ra2a1
37.Kg2 Ra1a2
38.Kg1 Ra2c2
39.Ra7xa3 Rc2xc3
40.Kg2 Rc3d3
41.h6 Rd3xd4
42.Kg3 Rd4d1
43.h7 Rd1h1
44.Ra3a7 Kc5
45.Ra7f7 Kb4
46.Rf7c7 Kxb3
{ resign }
0-1

[Event "Tourn. n9231"]
[Site "www.chess-mail.com"]
[Date "2017.05.07"]
[Round "1"]
[White "Picifarkinca"]
[Black "Falcoale"]
[WhiteElo "1820"]
[BlackElo "1940"]
[Result "0-1"]
[Round "1"]
1.e4 c5
2.c3 Nb8c6
3.d4 cxd4
4.cxd4 e6
5.a3 Ng8f6
6.Nb1c3 a6
7.Bc1e3 d6
8.Ng1f3 Bf8e7
9.e5 dxe5
10.dxe5 Nf6d7
11.Be3f4 O-O
12.Bf1e2 f6
13.exf6 Be7xf6
14.Bf4d6 Bf6e7
15.O-O Be7xd6
16.Qd1xd6 Nd7f6
17.Ra1d1 Qd8xd6
18.Rd1xd6 e5
19.Be2c4 Kh8
20.Rf1e1 Nc6a5
21.Bc4a2 e4
22.Nc3xe4 Nf6xe4
23.Re1xe4 Bc8f5
24.Re4e5 Bf5b1
25.Re5xa5 Bb1xa2
26.Ra5e5 Ra8c8
27.h3 Rc8c2
28.Rd6b6 Ba2c4
29.Rb6xb7 h6
30.Re5c5 Bc4d3
31.Rc5xc2 Bd3xc2
32.Nf3e5 Rf8f5
33.Ne5g4 a5
34.Ng4e3 Rf5c5
35.Ne3xc2 Rc5xc2
36.Rb7b8 Kh7
{ resign }
0-1

[Event "Tourn. n9317"]
[Site "www.chess-mail.com"]
[Date "2017.05.07"]
[Round "1"]
[White "Autmich"]
[Black "Cal"]
[WhiteElo "1770"]
[BlackElo "1700"]
[Result "1-0"]
[Round "1"]
1.e4 e5
2.Ng1f3 d6
3.d4 exd4
4.Nf3xd4 c5
5.Nd4f3 h6
6.Nb1c3 Bc8e6
7.Bc1f4 g5
8.Bf4g3 Ng8f6
9.Bf1b5 Be6d7
10.Bg3xd6 Bd7xb5
11.Bd6xf8 Qd8xd1
12.Ra1xd1 Bb5d7
13.Bf8g7 Rh8g8
14.Bg7xf6 Nb8c6
15.Nc3d5 Ra8c8
16.Bf6xg5 hxg5
17.Nd5f6 Kf8
18.Nf6xd7 Ke7
19.Nd7xc5 b6
20.Nc5b3 g4
21.Nf3d4 Nc6e5
22.Nd4f5 Kf6
23.Rd1d6 Kg5
24.Nf5e7 Rg8g7
25.Ne7xc8 f6
26.O-O f5
27.Rd6d5 Ne5c4
28.Rd5xf5 Kh6
29.Rf1d1 Nc4xb2
30.Rd1d6 Rg7g6
31.Rf5f6 Rg6xf6
32.Rd6xf6 Kg5
33.Rf6f7 { resign }
1-0